Estadísticas para Países por Lenguajes Oficiales

Haz click aquí para tomar la prueba!

Estadísticas generales

  • Esta prueba ha sido tomada 1,130 veces
  • La puntuación promedio es 13 de 20

Estadísticas de respuestas

Lenguajes oficiales País % Correcto
DanésDinamarca
98%
Alemán, francés neerlandésBélgica
86%
Hebreo, árabeIsrael
86%
Hindi, inglésIndia
86%
Alemán, francés, italiano, romancheSuiza
82%
Italiano, latínCiudad del Vaticano
79%
CatalánAndorra
79%
Griego, turcoChipre
77%
Inglés, afrikáans, zulú, otros...Sudáfrica
77%
Árabe, kurdoIrak
75%
Inglés, maoriNueva Zelanda
66%
Pastún, persaAfganistán
59%
Urdú, inglésPakistán
57%
Inglés, tagaloFilipinas
52%
Inglés, malayo, chino, tamilSingapur
51%
Sesotho, inglésLesoto
51%
Cingalés, tamilSri Lanka
45%
JemerCamboya
45%
Malgache, francésMadagascar
38%
AmháricoEtiopía
29%

Distribución de puntuación

Porcentaje por número respondido

Porcentaje de gente con cada puntuación

Historial de tus puntuaciones

No has tomado esta prueba